000 02236nam0a2200337 4500
001 RU\NLR\BIBL_A\022674665
005 20260420060710.0
010 _a978-5-907902-45-9
_950
021 _aRU
_bКН-П-25-062166
_9КН-П-25-6008
035 _a(NLR Aleph) 022674665
090 _a13686366
_c13686366
100 _a20251128d2025 u y0rusy50 ca
101 0 _arus
102 _aRU
105 _aa j 000yy
181 0 _ai3
_baxxe
182 0 _an
200 1 _aОсобенности организации и проведения психологического консультирования в онлайн-формате
_e(на примере работы центра психологической поддержки системы высшего образования)
_eучебно-методическое пособие
_fГ. А. Попельчук, Л. В. Мельникова, К. А. Ухова
_gФедеральное государственное бюджетное образовательное учреждение высшего образования "Херсонский государственный педагогический университет", Институт психологии, Центр психологической поддержки
203 _aТекст
_bвизуальный
_cнепосредственный
210 _aСанкт-Петербург
_cScientia
_d2025
215 _a174 с.
_cтабл.
_d22
320 _aБиблиогр.: с. 166-174 (47 назв.)
606 1 _aINTERNET, глобальная информационная сеть
_jУчебные издания для высших учебных заведений
_xПрименение в консультативной психологии
_92448445
_3RU\NLR\AUTH\6601673654
686 1 _aЮ949.2в648я73
700 1 _aПопельчук
_bГ. А.
_gГалина Алексеевна
701 1 _7ca
_8rus
_aМельникова
_bЛ. В.
_cпсихолог
_gЛада Вячеславовна
_92697555
_3RU\NLR\AUTH\770290092
701 1 _aУхова
_bК. А.
_gКсения Александровна
942 _cBOOK
980 _aNB